| АИС "Историко-культурное наследие Беларуси" | ||
| Базовый | Расширенный | Профессиональный | Словарь персоналий | Тематический словарь | По видам объектов | История запросов Заказы | Регистрация | |
Запись в MARC-формате
| копировать MARC-запись |
=LDR 00000nx\\c2200265\\\45\\
=001 BY-NLB-ar2786864
=005 20160330095630.7
=100 \\$a20080221abely50\\\\\\ca0
=152 \\$apsbo
=160 \\$ae-bw
=215 \\$aКасцёл Найсвяцейшай Тройцы (Ішкалдзь, вёска; Баранавіцкі раён)
=300 1\$aПомнік архітэктуры готыкі. Пабудаваны ў другой палове 15 ст. (да 1472 г.). У 1970-я гг. рэстаўрыраваны.
=356 \\$aЗнаходзіцца ў паўднёва-ўсходняй частцы вёскі Ішкалдзь Баранавіцкага раёна Брэсцкай вобласці.
=415 \\$aІшкалдскі Троіцкі касцёл
=415 \\$aІшкальдскі Троіцкі касцёл
=415 \\$aІшкальдскі касцёл Прасвятой Тройцы
=415 \\$aКасцёл Прасвятой Тройцы (Ішкалдзь, вёска; Баранавіцкі раён)
=515 \\$5w$3BY-NLB-ar2786882$aКостел Наисвятейшей Троицы (Ишколдь, деревня; Барановичский район)
=801 \0$aBY$bBY-HM0000$c20080221
=810 \\$aБеларуская энцыклапедыя. У 18 т. Т. 7. — Мінск, 1998.
=810 \\$aКаталіцкія храмы Беларусі / А. М. Кулагін. — Мінск, 2008.
=810 \\$aКаталіцкія храмы на Беларусі : энцыклапедычны даведнік / А. М. Кулагін. — Мінск, 2000.
=810 \\$aРеспублика Беларусь : энциклопедия. [В 7 т.]. Т. 3. — Минск, 2006.
=810 \\$aТуристская энциклопедия Беларуси. — Минск, 2007.
=999 \\$f2786$t20080221
Чтобы вернуться назад, щелкните кнопку BACK на Вашем браузере